Responses for show #6830 - Friday, May 2, 2014

Julia Collins game 10.

Contestants

Elissa Burr, a children's book author originally from Annandale, New Jersey

LaWanda London, a library assistant from Round Rock, Texas

Julia Collins, a supply chain professional from Kenilworth, Illinois (whose 9-day cash winnings total $198,710)

Jeopardy! Round responses

EYE ON HEALTH
LIKE, TOTALLY
WHICH NYC BOROUGH?
COHEN-CIDENTALLY
WRIT IN WATER
SPIDER-MAN
    $200 23
diabetes

Julia
    $200 1
full

Triple Stumper
    $200 12
Manhattan

Elissa
    $200 2
Sasha (Cohen)

Julia
    $200 16
the Bismarck

Elissa
    $200 7
Stan Lee

Julia
    $400 24
20/20

Julia
    $400 19
all roads

LaWanda
    $400 13
(Alex: That's it, [*] Bombers.)

the Bronx

Elissa
    $400 3
Sacha Baron Cohen

Elissa
    $400 17
Lexington

Julia
    $400 8
Emma Stone

Julia
    $1,600 25
(Alex: [Before Julia wagers] We have less than a minute to go now, Julia.)

omega 3

Julia
    $600 20
everything

Julia
    $600 14
(Elissa: What is Queens?)

Brooklyn

LaWandaElissa
    $600 4
a werewolf

Elissa
    $600 18
the Mediterranean Sea

Triple Stumper
    $600 9
(Elissa: What is responsibility?)

great responsibility

JuliaElissa
    $800 21
entirety

Elissa
    $800 15
(LaWanda: What is Brooklyn?)

Queens

JuliaLaWanda
    $800 5
Leonard Cohen

Triple Stumper
    $800 10
(Alex: And I just want to mention that The Amazing Spider-Man 2 opens today. Spidey is out there.)

Harry Osborn

Julia
    $1000 26
macular degeneration

Triple Stumper
    $1000 22
a whole note

Julia
    $1000 27
Staten Island

Elissa
    $1000 6
William Cohen

Triple Stumper
    $1000 28
[The end-of-round signal sounds.]

Marc Anthony

Julia
    $1000 11
the Green Goblin

Elissa

Scores at the first commercial break (after clue 14):

Julia LaWanda Elissa
$2,200 $600 $1,400

Scores at the end of the Jeopardy! Round:

Julia LaWanda Elissa
$8,200 $200 $3,400

Double Jeopardy! Round responses

DEAR DIARY
THE 4 Rs
ENGLISH LITERATURE
ARETHA FRANKLIN
QUEEN OF
SEOUL
(Alex: Notice the spelling--it's deliberate.)
    $400 1
Anne Frank

LaWanda
    $400 19
Harper's Ferry

Julia
    $400 6
Dracula

Elissa
    $400 16
"Respect"

Julia
    $400 11
Mean

Elissa
    $400 26
(Elissa: What is 1984?)

1988

JuliaElissa
    $800 2
John Adams

Julia
    $800 20
Barrier Reef

Elissa
    $800 7
opium

LaWanda
    $800 17
the Rock and Roll Hall of Fame

Julia
    $800 12
tarot cards

Julia
    $800 27
Japan

Julia
    $1200 3
Michael Palin

Julia
    $1200 21
standard operating procedure

Elissa
    $1,000 8
Tahiti

LaWanda
    $1200 18
"Freeway Of Love"

Triple Stumper
    $1200 13
(Lawanda: What is Columbus?)
(Julia: What is Cleveland?)
...
(Alex: What is [*]? And it is still the Queen City.)

Cincinnati

JuliaLaWanda
Triple Stumper
    $1200 28
Hyundai

LaWanda
    $1600 4
(Elissa: Who is da Vinci?)

Buckminster Fuller

Elissa
Triple Stumper
    $3,000 22
extraterrestrial

Elissa
    $1600 9
Virginia Woolf

LaWanda
    $1600 24
"Jumpin' Jack Flash"

LaWanda
    $1600 14
soap operas

LaWanda
    $1600 29
(LaWanda: What is Gangam?)
[Originally ruled correct; reversed before Final Jeopardy!]

Gangnam

LaWanda
Triple Stumper
    $2000 5
Joseph Goebbels

Triple Stumper
    $2000 23
cerebral hemorrhage

Julia
    $2000 10
Women in Love

Julia
    $2000 25
"Chain Of Fools"

Julia
    $2000 15
Anne Rice

LaWanda
    $2000 30
(Elissa: What is Pusan?)

Inchon

Elissa
Triple Stumper

Scores at the end of the Double Jeopardy! Round:

Julia LaWanda Elissa
$18,600 $7,600 $5,200
(lock game)

[wagering suggestions for these scores]

Final Jeopardy! Round responses

BUSINESS HISTORY
ElissaWhat is Scotch tape?
$5,000
LaWandaWhat is Scotch Tape?
$3,000
JuliaWhat is Scotch Tape?
$3,300
Scotch Tape

Final scores:

Julia LaWanda Elissa
$21,900 $10,600 $10,200
10-day champion: $220,610 2nd place: $2,000 3rd place: $1,000

Game dynamics:

Coryat scores:

Julia LaWanda Elissa
$17,600 $7,800 $3,800
24 R
(including 1 DD),
1 W
10 R
(including 1 DD),
3 W
13 R
(including 1 DD),
5 W

Combined Coryat: $29,200

The J! Archive is created by fans, for fans. The Jeopardy! game show and all elements thereof, including but not limited to copyright and trademark thereto, are the property of Jeopardy Productions, Inc. and are protected under law. This website is not affiliated with, sponsored by, or operated by Jeopardy Productions, Inc. Join the discussion at JBoard.tv.